MCU Films & Television - Statistics

General Stats
  • This quiz has been taken 115 times
    36 since last reset
  • The average score is 32 of 44
Answer Stats
Type Year Title % Correct
Film 2008 Iron Man
100%
Film 2010 Iron Man 2
100%
Film 2011 Thor
100%
Film 2019 Avengers: Endgame
95%
Film 2018 Avengers: Infinity War
95%
Film 2018 Black Panther
95%
Film 2016 Captain America: Civil War
95%
Film 2011 Captain America: The First Avenger
95%
Film 2014 Captain America: The Winter Soldier
95%
Film 2013 Iron Man 3
95%
Film 2008 The Incredible Hulk
95%
Film 2013 Thor: The Dark World
95%
Film 2015 Ant-Man
90%
Film 2021 Black Widow
90%
Film 2016 Doctor Strange
90%
TV 2021 Loki
90%
Film 2017 Spider-Man: Homecoming
90%
Film 2015 Avengers: Age of Ultron
85%
Film 2019 Captain Marvel
85%
Film 2014 Guardians of the Galaxy
85%
Film 2019 Spider-Man: Far From Home
85%
Film 2012 The Avengers
85%
TV 2021 WandaVision
85%
Film 2018 Ant-Man and the Wasp
80%
Film 2017 Thor: Ragnarok
80%
Film 2017 Guardians of the Galaxy Vol. 2
75%
TV 2021 Hawkeye
70%
Film 2021 Spider-Man: No Way Home
70%
Film 2021 Eternals
65%
Film 2021 Shang-Chi and the Legend of the Ten Rings
65%
TV 2021 The Falcon and the Winter Soldier
60%
Film 2022 Black Panther: Wakanda Forever
55%
Film 2023 Guardians of the Galaxy Vol. 3
50%
Film 2022 Thor: Love and Thunder
50%
Film 2022 Doctor Strange in the Multiverse of Madness
45%
TV 2022 Moon Knight
45%
TV 2023 Secret Invasion
45%
Film 2023 Ant-Man and the Wasp: Quantumania
40%
TV 2022 She-Hulk: Attorney at Law
40%
TV 2021 What If...?
40%
TV 2022 Ms. Marvel
35%
TV 2022 I Am Groot
25%
Film 2022 Werewolf by Night
20%
Film 2022 Guardians of the Galaxy Holiday Special
15%
No matching quizzes found
Score Distribution
Percent of People with Each Score
Percentile by Number Answered
Your Score History
You have not taken this quiz since the last reset